00334nam a22001457a 4500003000400000005001700004008004100021020001500062040000700077082001100084100002300095245003900118260002300157300000800180OSt20211214170236.0211214b |||||||| |||| 00| 0 eng d a0256066914 cHU a657.48 aFaldwin A. Bruce aFINANCIAL ACCOUNTING SCORE BUILDER aAmericablncc1988 a194